000 00710nam a2200229 u 4500
005 20221117063451.0
008 190207s2006 es r 000 0 spa d
020 _a8484232301
035 _aUPN01000228894
049 _aI
050 4 _aQC495.5
_bA6.3
245 0 0 _aAprende con osito :
_bcolores /
_ccoord. Rita Schnitzer.
260 _aBarcelona, Esp. :
_bElfos,
_c2006.
300 _a[14] p. :
_bprincip. il. col.
534 _pTítulo original:
_tLittle bear´s book of colours
650 2 _aColores
_vLiteratura infantil
_921262
650 2 _aVocabulario
_921137
650 7 _aLibros ilustrados para niños
_2
_921365
700 1 _aSchnitzer, Rita,
_ecoord.
905 _aInfantil
999 _c200989
_d200989